| 000 | 00362 a2200145 4500 | ||
|---|---|---|---|
| 001 | 177521 | ||
| 020 | _a | ||
| 040 | _cMagnum | ||
| 100 | _aPillar, Analice Dutra | ||
| 240 | 1 | 0 |
_aDesenho e escrita como sistema de representacao _lpor |
| 245 | 1 | 0 | _aDesenho e escrita como sistema de representacao |
| 362 | 0 | _a1899 | |
| 697 | _aMAGNITO: DIDATICO | ||
| 942 | _cBK | ||
| 999 |
_c177521 _d177521 |
||